000 00599cam a22002291 4500
001 sa 65009591
003 DLC
005 20260227112203.0
008 890629s1965 ii b 000 0 hino
010 _asa 65009591
035 _a(OCoLC)19946781
040 _aDLC
_cWaU
_dDLC
042 _apremarc
043 _aa-ii---
050 0 0 _aPK2042
_b.T29
100 1 _aṬaṇḍana, Pratāpanārāyaṇa,
_d1935-
245 1 0 _aHindī upanyāsa kalā.
260 _c[1965]
300 _a16, 373 p.
_c23 cm.
504 _aIncludes bibliographies.
650 0 _aHindi fiction
_xHistory and criticism.
999 _c66286
_d66286